10 najwiekszych panstw Europy - Statystyki

Ogólne statystyki
  • Ten quiz został rozwiązany 123 razy
  • Średni wynik to 9 z 10
Statystyki odpowiedzi
Hint Odpowiedź % Poprawnych
82 MLN Niemcy
100%
144 MLN Rosja
100%
67 MLN Francja
99%
38 MLN Polska
99%
47 MLN Hiszpania
96%
44 MLN Ukraina
94%
60 MLN Włochy
93%
65 MLN Wielka Brytania
92%
27 MLN Rumunia
66%
85 MLN Turcja
65%
Nie znaleziono quizów pasujących do podanych kryteriów
Rozkład punktacji
Procent ludzi z każdym wynikiem
Percentyl według liczby udzielonych odpowiedzi
Twoja historia wyników
Nie rozwiązałeś tego quizu